| 000 | 00371nam a22001577a 4500 | ||
|---|---|---|---|
| 005 | 20170925143915.0 | ||
| 008 | 170925b xxu||||| |||| 00| 0 eng d | ||
| 020 | _a81-239-1136-X | ||
| 041 | _aeng | ||
| 082 | _a571.3 | ||
| 100 |
_aSnodgrass,R.E _93969 |
||
| 245 | _aPrinciples of Insect Morphology | ||
| 260 |
_aNew Delhi _bCBS Publisher |
||
| 300 | _a667 | ||
| 942 | _cBK | ||
| 999 |
_c5602 _d5600 |
||